I 20 laghi più estesi al mondo - Statistics

Statistiche generali
  • Questo quiz è stato fatto 184 volte
  • Il punteggio medio è 9 su 20
Statistiche sulle risposte
Posizione (con aiuto tramite uno stato in cui è) Lago % Corretto
1 (Russia, Turkmenistan) Mar Caspio/Caspio
84%
4 (Uganda, Tanzania) Vittoria
75%
2 (Canada, Usa) Michigan/Huron
70%
3 (Canada, Usa) Superiore
64%
18 (Perù, Bolivia) Titicaca
56%
6 (Russia) Bajkal
55%
8 (Mozambico, Malawi) Malawi
55%
10 (Canada/Usa) Erie
54%
12 (Canada, Usa) Ontario
52%
14 (Russia) Ladoga
45%
5 (Tanzania, Rep. Dem del Congo) Tanganica
42%
7 (Canada) Degli Orsi/Orsi
34%
19 (Nicaragua) Nicaragua
34%
9 (Canada) Degli Schiavi/Schiavi
31%
17 (Russia) Onega
29%
16 (Venezuela) Maracaibo
25%
11 (Canada) Winnipeg
20%
13 (Kazakistan) Balqas
11%
15 (Antartide) Vostok
11%
20 (Canada) Athabasca
7%
Nessun quiz corrispondente trovato
Distribuzione punteggi
Percentuale di utenti per punteggio
Percentile per numero di risposta
I tuoi punteggi nel tempo
Non hai fatto questo quiz